000 01008nac a22002891u 4500
010 _a 29011002
022 0 _a0013-0117
035 _a(OCoLC)ocm01883400
082 4 _a330.9
_bECO
090 _c9987
_d9987
100 _a20080729
245 0 4 _aThe Economic history review :
_nV. 60 No. 3 Aug. (2007).
260 _aOxford,
_bBlackwell Pub., 2007.
_cc2007.
300 _av.
_c26 cm.
500 _aDonations - AUC.
500 _aDonations.
504 _aIncludes bibliographical references.
511 _aCatalogued by: Sara
650 0 _aEconomic history
_vPeriodicals.
650 0 _aEconomische geschiedenis.
650 0 _aHistoire eÌ?conomique
_vPeÌ?riodiques.
651 0 _aGreat Britain
_xEconomic conditions
651 0 _aGrande-Bretagne
_xConditions eÌ?conomiques
710 2 _aEconomic History Society.
942 _cNB
_k330.9ECO
999 _c9987
_d9987